Verständnis und Verständigung

Titel: Verständnis und Verständigung : Aspekte zur Mittlerrolle Johannes Urzidils von 1918 bis 1939 / Gerhard Trapp
Verfasser:
In: Brünner Beiträge zur Germanistik und Nordistik, Band 17 (2003), Seite 173-186
alle Artikel anzeigen
Veröffentlicht: 2003
Format: Aufsatz
Sprache: Deutsch
Schlagworte:
Kein Bild verfügbar
X
alg: 12090116
001A    $04504:05-05-04 
001B    $01999:19-07-19 $t22:57:38.000 
001C    $06050:31-08-07 $t17:13:54.000 
001D    $04504:05-05-04 
001U    $0utf8 
001X    $00 
002@    $0Aou 
003@    $0120901161 
007A    $0120901161 $aHEB 
010@    $ager 
011@    $a2003 
021A    $aVerständnis und Verständigung $dAspekte zur Mittlerrolle Johannes Urzidils von 1918 bis 1939 $hGerhard Trapp 
028A    $71022940899 $8Trapp, Gerhard$Z1938- [Tp3] $9301762651 
031A    $d17 $h173-186 $j2003 
039B    $aIn $8--Abvc--. Brünner Beiträge zur Germanistik und Nordistik. - Brno : Masarykova Univerzita, 1977-. - ISSN 1211-4979 $x200300000170000827 $9047483814 
044K    $#Urzidil, Johannes $#Urzidil, John $#Urzidil, J. $#Helmar, Hans $7118763938 $8Urzidil, Johannes$Z1896-1970 [Tp1] $908710461X 
045T    $a7,20 $a7,22 
045T    $aLING $qDE-30 $2FID 
045T    $aGER $qDE-30 $2FID 
045V    $aUrzidil, Johannes $817.18.00$jZu einzelnen Autoren [Tkx] $9118843737 

lok: 12090116 62

exp: 12090116 62 1 #EPN
201B/01 $005-05-04 $t20:49:29.000 
203@/01 $0213671956 
208@/01 $a05-05-04 $be 
209A/01 $a/ $f000 $x00 
209B/01 $a2004 $x05 
247C/01 $8Frankfurt, Bibliographie der Deutschen Sprach- und Literaturwissenschaft $9113214561 
201U/01 $0utf8 

lok: 12090116 78

exp: 12090116 78 1 #EPN
201B/01 $023-11-20 $t15:31:42.000 
201C/01 $023-11-20 
201U/01 $0utf8 
203@/01 $01131089251 
208@/01 $a23-11-20 $be 
209A/01 $a/ $f000 $x00 
209A/01 $ab*p $x01 
220C/01 $apgar 
244Z/01 $#Böhmische Kronländer $#Länder der Böhmischen Krone $#Sudetenland $#Böhmen $#Mähren $#Mährisch-Schlesien $#Österreichisch-Schlesien $#Tschechische Sozialistische Republik Böhmische Länder $#Tschechei Böhmische Länder $#Země koruny české $74069573-6 $8--Tg1--Böhmische Länder $x01 $9085195553 
247C/01 $82080>Marburg/Lahn, Herder-Institut, Forschungsbibliothek, Bibliographieportal $9336309341
LEADER 00000caa a2200000 c 4500
001 120901161
003 DE-603
005 20190719225738.0
007 tu
008 040505s2003 xx |||| | u00||u|ger c
035 |a (DE-599)HEB120901161 
040 |a DE-603  |b ger  |c DE-603  |d DE-603 
041 |a ger 
084 |a 7,20  |a 7,22  |2 ssgn 
084 |a LING  |q DE-30  |2 fid 
084 |a GER  |q DE-30  |2 fid 
100 1 |a Trapp, Gerhard  |d 1938-  |0 (DE-603)301762651  |0 (DE-588)1022940899  |2 gnd 
245 0 0 |a Verständnis und Verständigung  |b Aspekte zur Mittlerrolle Johannes Urzidils von 1918 bis 1939  |c Gerhard Trapp 
264 0 |c 2003 
600 1 7 |a Urzidil, Johannes  |d 1896-1970  |0 (DE-588)118763938  |0 (DE-603)08710461X  |2 gnd 
773 0 8 |i In  |t Brünner Beiträge zur Germanistik und Nordistik  |d Brno : Masarykova Univerzita, 1977-  |h 25 cm  |x 1211-4979  |g Band 17 (2003), Seite 173-186  |w (DE-603)047483814  |w (DE-600)303173-1 
924 0 |9 603  |a (DE-603)213671956  |b DE-603  |c HES  |d d 
924 0 |9 2080  |a (DE-603)1131089251  |b DE-2080  |c HES  |d d  |g /